000 00335nam a22001457a 4500
003 CEME
005 20210628210122.0
008 210215b xxu||||| |||| 00| 0 eng d
040 _c.
082 _a0333 WAS
100 _aSae
_910311
245 _aVehicle suspension system advancement
260 _aPDF
_bSAE
_c2000
942 _cBK
_2ddc
999 _c583339
_d583339